000 00671nam a2200217 a 4500
001 BRCA_7850
005 20190320210026.0
008 071113s1964----nyua######---#000-0#eng-#
041 _aeng
044 _anyu
050 4 _aNK1860
_b.P73 1964
100 1 _aPraz, Mario
_919432
245 1 0 _aAn illustrated history of furnishing from the Kenaissance to the 20th century
_cMario Praz ; translated from the italian by William Weaver.
260 _aNueva York
_bG. Braziller
_c1964
300 _a396 p.
_bil.
_c31 cm.
500 _aY73
650 1 4 _aDecoración y ornamentación
_xHistoria
_91924
700 1 _aWeaver, William
_etr.
_91818
902 _aGFM
942 _2lcc
_cB
999 _c7524
_d7524